| 000 | 00758nam a2200229Ia 4500 | ||
|---|---|---|---|
| 003 | OSt | ||
| 005 | 20220923212103.0 | ||
| 006 | a|||||r|||| 00| 0 | ||
| 007 | ta | ||
| 008 | 220922b |||||||| |||| 00| 0 hin d | ||
| 024 | _a150,634 | ||
| 037 | _cTextual | ||
| 040 |
_aARTS _cARTS _bhin |
||
| 041 |
_2hin _ahin |
||
| 082 | _aH1, 152K7 | ||
| 100 |
_aचौधरी, सुधाकर मोतीराम _9162081 |
||
| 245 | 0 | _aप्राथमिक सूक्ष्मदर्शीय खनिज - विज्ञान | |
| 246 | _aPrāthamik sūkṣhmadarshīya khanij - vijnyāna | ||
| 260 | _c1967 | ||
| 942 |
_hH1, 152K7 _cTEXL _2CC |
||
| 999 |
_c306314 _d306314 |
||